01351nam0a2200301 i 4500001002400000005001700024021001900041035002800060035002600088100004100114101001300155102000700168105001800175200027300193210003300466215001500499300005900514320004800573510005800621686003100679686001800710686003500728700008400763702008700847801004900934801005800983830000801041RU\NLR\BIBL_A\01057818620260406012229.0 aRUb2014-82289 a(NILC)LIBNET\0000462073 a(NLR Aleph) 010578186 a20141226d2013 km y0rusy50 ca0 arusager aRU ay|||z|||000gb1 aАвстрийская лирика: Ингеборг БахманdOsterreichische Lyrik: Ingeborg Bachmanneизбранные страницыfСветлана Одинцоваg[пер. с нем., сост., вступ. ст. С. С. Одинцовой]zger aЛипецкcЛГПУd2013 a75 с.d21 aТекст стихов парал. : рус., нем. aБиблиогр.: с. 72-73 (21 назв.)1 6z45790aOsterreichische Lyrik: Ingeborg Bachmannzger a84(4Авс)vLBC/RL2rubbk2 aШ6(2=Р)8-571 aШ6(4А)67-5я44(Лх1349-175) 1aОдинцоваbС. С.f1939-gСветлана Салимовна42204730 145708rus7caaБахманbИ.f1926-1973gИнгеборг3RU\NLR\AUTH\77117741 0aRUbЛипецкая ОУНБc20140708grcr 1aRUbЛипецкая ОУНБc20140708grcr2rusmarc a195